Derechos Humanos: pedagogía de la memoria y políticas culturales

محفوظ في:
التفاصيل البيبلوغرافية
المؤلفون الرئيسيون: Erazo Latorre, Ximena (مؤلف), Ramírez, Gloria (مؤلف), Scantlebury, Marcia (مؤلف)
التنسيق: كتاب
اللغة:الإسبانية
منشور في: Santiago LOM 2011
الطبعة:1a. ed
الموضوعات:
الوسوم: إضافة وسم
لا توجد وسوم, كن أول من يضع وسما على هذه التسجيلة!

MARC

LEADER 00000cam a2200000 a 4500
001 UCF1967
003 CL-VaPUC
008 120802e20110000CL |||||||||||||||||spa|d
020 |a 9789560002761 
082 0 4 |a 323.407  |b ERA  |2 21 
100 0 |a Erazo Latorre, Ximena  |e author  |9 563539 
700 0 |a Ramírez, Gloria  |e author  |9 563540 
700 0 |a Scantlebury, Marcia  |e author  |9 563541 
245 1 0 |a Derechos Humanos: pedagogía de la memoria y políticas culturales 
250 |a 1a. ed 
300 |a 158 p 
942 |c BK 
945 |d 20120802 00:00:00  |a dcastane 
260 |a Santiago  |b LOM  |c 2011 
650 0 |a Derechos humanos  |9 223025 
650 0 |a Métodos de enseñanza  |9 270413 
650 0 |a Políticas culturales  |9 381480 
583 |a last modification  |c 20120802 10:35:00  |k Rodrigo Vera 
999 |c 348651  |d 348649 
952 |0 0  |1 0  |4 0  |6 323_407000000000000_ERA_2011  |7 0  |8 A  |9 450774  |a BIBING  |b BIBING  |d 2019-11-22  |i 4871359  |o 323.407 ERA 2011  |p 4871359  |r 2025-01-20  |w 2019-11-22  |y BK  |k CUI